Object-oriented system development

Rather than subscribing to a particular object-oriented method, the authors give instructions on how to put key object-oriented concepts to work in software construction. Many examples, including a full banking system, are developed throughout the book to illustrate the process of object-oriented so...

Descripció completa

Guardat en:
Dades bibliogràfiques
Autor principal: Champeaux, Dennis de
Format: Llibre
Idioma:Undetermined
Publicat: Reading, Mass. Addison-Wesley 1993
Matèries:
Etiquetes: Afegir etiqueta
Sense etiquetes, Sigues el primer a etiquetar aquest registre!
Thư viện lưu trữ: Trung tâm Học liệu Trường Đại học Cần Thơ
LEADER 00944nam a2200193Ia 4500
001 CTU_232580
008 210402s9999 xx 000 0 und d
082 |a 005.12 
082 |b C451 
100 |a Champeaux, Dennis de 
245 0 |a Object-oriented system development 
245 0 |c Dennis de Champeaux, Douglas Lea, Penelope Faure 
260 |a Reading, Mass. 
260 |b Addison-Wesley 
260 |c 1993 
520 |a Rather than subscribing to a particular object-oriented method, the authors give instructions on how to put key object-oriented concepts to work in software construction. Many examples, including a full banking system, are developed throughout the book to illustrate the process of object-oriented so. 
650 |a Lập trình hướng đối tượng (Khoa học máy tính),Object-oriented programming (Computer science) 
910 |b dqhieu 
980 |a Trung tâm Học liệu Trường Đại học Cần Thơ